1986 1714 1751 1995 1509 1977 1572 1088 1418 1326 1028 1729 1284 1767 1275 1616 1683 1267 1668 1182 1671 1738 1866 1733 1115 1728 1307 1857 1710 1543 1343 1247 1488 1459 1777 1332 1801 1690 1896 1950 1482 1155 1134 1381 1636 1831 1081 1003 1592 1725 1104 1816 1126 1571 1929 1033 1197 1200 1200 1175 1504 1814 1083 1155 1280 1043 1936 1289 1364 1084 1380 1703 1305 1909 1483 1341 1090 1573 1974 1849 1608 1639 1752 1606 1789 1408 1807 1747 1013 1618 1741 1484 1114 1004 1786 1341 1746 1937 1908 BCNSPRNW ULIB Ver.6.0+V

เปลี่ยนเป็นภาษาไทย

Change to English
 แสดงรายละเอียดบรรณานุกรม
  กลับหน้าหลัก

Brief Record : Get Marc (ISO 2709) : E-mail record : QR code < ปิดหน้าต่าง
LEADER : 00000nam 2200000uu 4500
001    13399115025
003     ULIB
008    020711s2552 th a 000 0 tha d
020    ^a9786167010120
082 04 ^aนว.^bจ718ค
090    ^aนว.^bจ718ค
100    ^aJeaniene Frost
245    ^aครึ่งทางสู่(หลุมรัก)/^cJeaniene Frost
260    ^aกรุงเทพฯ :^bนกฮูก,^c2552
300    ^a366 หน้า
945    ^p280^l0^i028402
995    ทศพร
999 ^a ทศพร
รายการนี้ยังไม่มีแท็ก
คุณยังไม่ได้ล็อกอิน คุณสามารถมีกิจกรรมร่วมกับเว็บไซต์ได้ แต่ต้องล็อกอินก่อน ::
  ล็อกอิน

รายการสื่อสารสนเทศ

ลำดับที่ ประเภท เลขเรียก/บาร์โค้ด สถานที่ สถานะ
1. นวนิยาย
นวนิยาย
นว. จ718ค นว. จ718ค  
  Barcode: 028402
ห้องสมุดวิทยาเขตสวรรค์ประชารักษ์
►นวนิยาย
บนชั้น
  ขอยืม

BibComment


ยังไม่เคยถูกคอมเมนท์

คอมเมนท์ทรัพยากรรายการนี้
  คอมเมนท์: ครึ่งทางสู่หลุมร..


 Copyright 2026. Bcnsprnw @Library